[Event "Mauricie op"]
[Site "Trois-Rivieres CAN"]
[Date "1985.11.10"]
[Round "3"]
[White "Hebert, Jean"]
[Black "Girard, Robin"]
[Result "1/2-1/2"]
[WhiteElo "2414"]
[BlackElo "2081"]
[PlyCount "89"]
[GameId "2160767912717617"]
[EventDate "1985.11.09"]
[EventType "swiss"]
[EventRounds "4"]
[EventCountry "CAN"]

1. Nf3 Nf6 2. d4 e6 3. e3 b6 4. Bd3 Bb7 5. O-O Be7 6. c4 O-O 7. Nc3 d5 8. b3 c5 9. Bb2 Nbd7 10. Qe2 Rc8 11. Rfd1 cxd4 12. exd4 Re8 13. Rac1 Nf8 14. Ne5 Qd6 15. c5 bxc5 16. dxc5 Qxc5 17. Nb5 Qb6 18. Bd4 Qa5 19. Nxa7 Rxc1 20. Rxc1 Bd6 21. Nb5 Bb8 22. a4 Ng6 23. Qb2 Qb4 24. Bxg6 hxg6 25. Nd3 Qe7 26. Qa3 Ba6 27. Qxe7 Rxe7 28. f4 Ne4 29. g3 Nd2 30. Rc6 Bxb5 31. axb5 Rb7 32. Rb6 Rxb6 33. Bxb6 Nxb3 34. Kf2 Nd2 35. Ke2 Nc4 36. Bd4 Bc7 37. Nb4 Kf8 38. Kd3 Ke8 39. Na6 Ba5 40. g4 f6 41. Nc5 e5 42. fxe5 fxe5 43. Ba1 Ke7 44. Ke2 Bc7 45. Na4 1/2-1/2

[Event "Beloeil op"]
[Site "Beloeil CAN"]
[Date "1985.10.27"]
[Round "3"]
[White "Hebert, Jean"]
[Black "Leveille, Francois"]
[Result "1-0"]
[WhiteElo "2402"]
[BlackElo "2235"]
[PlyCount "65"]
[GameId "2160767912717686"]
[EventDate "1985.10.26"]
[EventType "swiss"]
[EventRounds "4"]
[EventCountry "CAN"]

1. e4 c6 2. c4 d5 3. exd5 cxd5 4. cxd5 Nf6 5. Nc3 Nxd5 6. Nf3 Nc6 7. d4 e6 8. Bd3 Be7 9. O-O O-O 10. Re1 Nf6 11. a3 a6 12. Bc2 b5 13. Qd3 g6 14. Bh6 Re8 15. Rad1 Bb7 16. Qe2 b4 17. axb4 Bxb4 18. Bg5 Be7 19. Ba4 Nd5 20. Bxe7 Nxc3 21. bxc3 Rxe7 22. Bxc6 Bxc6 23. d5 Bb7 24. c4 Qd6 25. Ng5 Rf8 26. c5 Qxc5 27. Ne4 Qb5 28. Nf6+ Kh8 29. Qe5 Ba8 30. Rd4 g5 31. Qe4 Kg7 32. Qxh7+ Kxf6 33. Qh6+ 1-0

[Event "Beloeil op"]
[Site "Beloeil CAN"]
[Date "1985.10.27"]
[Round "4"]
[White "Hebert, Jean"]
[Black "St Amand, Paul Jr"]
[Result "1-0"]
[WhiteElo "2402"]
[BlackElo "2173"]
[PlyCount "103"]
[GameId "2160767912717688"]
[EventDate "1985.10.26"]
[EventType "swiss"]
[EventRounds "4"]
[EventCountry "CAN"]

1. Nf3 c5 2. e3 Nf6 3. d4 e6 4. c4 d5 5. Nc3 Nc6 6. a3 a6 7. cxd5 exd5 8. Be2 Bd6 9. dxc5 Bxc5 10. O-O d4 11. exd4 Nxd4 12. Nxd4 Qxd4 13. Qxd4 Bxd4 14. Bf3 O-O 15. Bf4 Ra7 16. h3 Be6 17. Rfd1 Bxc3 18. bxc3 b5 19. Rd6 a5 20. Rad1 h6 21. Bc6 Bc4 22. Bxh6 Ne8 23. Be3 Rc7 24. Bxe8 Rxe8 25. Bb6 Rce7 26. Bxa5 Re2 27. Rd8 Rxd8 28. Rxd8+ Kh7 29. Bb6 Rc2 30. Bd4 Ra2 31. Ra8 Bd5 32. Ra5 Bc4 33. h4 Kg6 34. g4 Be2 35. Kg2 Kh7 36. Ra7 Bc4 37. Kg3 Ra1 38. Kf4 Rh1 39. h5 Rh4 40. a4 bxa4 41. Kg5 Rh1 42. Rxa4 Be6 43. Kf4 Rc1 44. Ra7 Rg1 45. f3 Rh1 46. Rc7 g6 47. hxg6+ Kxg6 48. Rc5 Rh7 49. Rg5+ Kh6 50. Bf6 Bc4 51. Ke5 Be2 52. f4 1-0

[Event "Rimouski"]
[Site "Rimouski CAN"]
[Date "1985.10.13"]
[Round "4"]
[White "Chabot, Roland"]
[Black "Hebert, Jean"]
[Result "0-1"]
[WhiteElo "1930"]
[BlackElo "2399"]
[PlyCount "98"]
[GameId "2160767912717725"]
[EventDate "1985.10.12"]
[EventType "swiss"]
[EventRounds "4"]
[EventCountry "CAN"]

1. d4 Nf6 2. c4 e6 3. Nc3 c5 4. d5 a6 5. a4 exd5 6. cxd5 g6 7. Nf3 d6 8. e4 Bg7 9. Be2 O-O 10. Bf4 Bg4 11. O-O Re8 12. Nd2 Bxe2 13. Qxe2 Nh5 14. Be3 Nd7 15. g4 Nhf6 16. f3 Ne5 17. g5 Nh5 18. f4 Nd7 19. e5 dxe5 20. f5 Nf4 21. Qg4 h5 22. gxh6 Nf6 23. Qf3 Bxh6 24. fxg6 fxg6 25. Nde4 Nxe4 26. Nxe4 Rf8 27. Bxf4 Bxf4 28. Qg4 Kg7 29. d6 Rf5 30. Kh1 Qh8 31. h3 Rd8 32. Rad1 Rh5 33. Rf3 Rh4 34. Qe6 Qf8 35. Rg1 Rh6 36. Rd1 b6 37. a5 bxa5 38. Rb3 Kh8 39. Rb7 Qf5 40. Qf6+ Qxf6 41. Nxf6 g5 42. Ne4 g4 43. d7 Rxh3+ 44. Kg2 Rh2+ 45. Kf1 g3 46. Rd3 c4 47. Rf3 Rh1+ 48. Kg2 Rd1 49. Nxg3 R8xd7 0-1

[Event "Specialiste Automne"]
[Site "Montreal CAN"]
[Date "1985.09.21"]
[Round "4"]
[White "Morin, Yves"]
[Black "Hebert, Jean"]
[Result "0-1"]
[WhiteElo "2054"]
[BlackElo "2394"]
[PlyCount "73"]
[GameId "2160767912717789"]
[EventDate "1985.09.20"]
[EventType "swiss"]
[EventRounds "5"]
[EventCountry "CAN"]

1. e4 c5 2. Nc3 Nc6 3. g3 g6 4. Bg2 Bg7 5. d3 d6 6. Nh3 e6 7. Nf4 Nge7 8. O-O O-O 9. Bd2 Rb8 10. Qc1 b5 11. Re1 b4 12. Nd1 e5 13. Ne2 Be6 14. Bh6 Qd7 15. Bxg7 Kxg7 16. f4 f6 17. Nf2 Rfc8 18. b3 Nd4 19. h3 Nec6 20. Kh2 Nxe2 21. Rxe2 Nd4 22. Rd2 a5 23. a4 Qc7 24. Ng4 h5 25. Ne3 h4 26. fxe5 hxg3+ 27. Kxg3 d5 28. Kf2 Qxe5 29. Nxd5 Rh8 30. Qf1 f5 31. Kg1 fxe4 32. dxe4 Rbf8 33. Rf2 Bxd5 34. exd5 Rxf2 35. Qxf2 Ne2+ 36. Kh1 Qxa1+ 37. Bf1 0-1

[Event "Montreal op"]
[Site "Montreal CAN"]
[Date "1985.09.02"]
[Round "5"]
[White "Georgiev, Kiril"]
[Black "Hebert, Jean"]
[Result "1/2-1/2"]
[WhiteElo "2567"]
[BlackElo "2390"]
[PlyCount "112"]
[GameId "2160767912717839"]
[EventDate "1985.08.31"]
[EventType "swiss"]
[EventRounds "6"]
[EventCountry "CAN"]

1. Nf3 Nf6 2. c4 e6 3. g3 d5 4. Bg2 c6 5. Qc2 Nbd7 6. d4 g6 7. b3 Ne4 8. O-O Bg7 9. Ba3 f5 10. e3 Kf7 11. Nfd2 Ndf6 12. Nxe4 Nxe4 13. f3 Nf6 14. Nc3 b6 15. Rad1 Ba6 16. Rfe1 Re8 17. Bf1 Bb7 18. e4 a6 19. e5 Nd7 20. Bg2 Bf8 21. Bxf8 Nxf8 22. f4 Rc8 23. Na4 Nd7 24. Re3 b5 25. Nb2 a5 26. a3 Qe7 27. c5 Ra8 28. Nd3 Rg8 29. Qe2 a4 30. b4 Rg7 31. Kh1 Rag8 32. g4 Ke8 33. Rg3 Nf8 34. Rg1 Bc8 35. Bh3 Kd8 36. R1g2 Bd7 37. Kg1 Be8 38. Kf1 h5 39. gxh5 gxh5 40. Qf2 Rxg3 41. Rxg3 Rxg3 42. hxg3 Ng6 43. Ne1 Nh8 44. Ke2 Nf7 45. Nf3 Nh6 46. Ng5 Nf7 47. Nxf7+ Bxf7 48. Bg2 h4 49. gxh4 Bh5+ 50. Kf1 Qh7 51. Kg1 Qg6 52. Kh2 Ke7 53. Bf3 Qh6 54. Kg3 Qg6+ 55. Kh2 Qh6 56. Bg2 Qg6 1/2-1/2

[Event "Quebec op"]
[Site "Ste-Agathe CAN"]
[Date "1985.08.14"]
[Round "4"]
[White "Hebert, Jean"]
[Black "Georgiev, Kiril"]
[Result "1/2-1/2"]
[WhiteElo "2383"]
[BlackElo "2556"]
[PlyCount "77"]
[GameId "2160767912717852"]
[EventDate "1985.08.11"]
[EventType "swiss"]
[EventRounds "8"]
[EventCountry "CAN"]
[SourceTitle "EXT 2022"]
[Source "ChessBase"]
[SourceDate "2021.10.06"]
[SourceVersion "1"]
[SourceVersionDate "2021.10.06"]
[SourceQuality "1"]

1. Nf3 d5 2. c4 d4 3. b4 f6 4. e3 e5 5. a3 a5 6. b5 c5 7. d3 Bd6 8. g3 Ne7 9. Bg2 O-O 10. O-O Bg4 11. h3 Bh5 12. exd4 cxd4 13. Nbd2 Nd7 14. Ne4 Bc5 15. g4 Bf7 16. Nh4 Kh8 17. Nf5 Nxf5 18. gxf5 g6 19. fxg6 Bxg6 20. f4 Bxe4 21. Bxe4 f5 22. Bxb7 Ra7 23. Bg2 e4 24. dxe4 fxe4 25. Bxe4 Qh4 26. Kh2 Nf6 27. Bf3 Rg7 28. Qe1 Qh6 29. Ra2 Rfg8 30. Rg2 Rxg2+ 31. Bxg2 Ng4+ 32. Kh1 Ne3 33. Bxe3 dxe3 34. Qc3+ Qg7 35. Qxg7+ Kxg7 36. Bd5 Re8 37. Kg2 Bxa3 38. Kf3 Bc5 39. Ke2 1/2-1/2

[Event "Quebec op"]
[Site "Ste-Agathe CAN"]
[Date "1985.08.15"]
[Round "5"]
[White "Kleinplatz, Sam"]
[Black "Hebert, Jean"]
[Result "0-1"]
[WhiteElo "2136"]
[BlackElo "2383"]
[PlyCount "68"]
[GameId "2160767912717857"]
[EventDate "1985.08.11"]
[EventType "swiss"]
[EventRounds "8"]
[EventCountry "CAN"]
[SourceTitle "EXT 2022"]
[Source "ChessBase"]
[SourceDate "2021.10.06"]
[SourceVersion "1"]
[SourceVersionDate "2021.10.06"]
[SourceQuality "1"]

1. c4 Nf6 2. Nc3 e6 3. Nf3 Bb4 4. Qc2 O-O 5. e3 b6 6. Be2 Bb7 7. d3 d5 8. cxd5 exd5 9. O-O Re8 10. a3 Bf8 11. b4 Nbd7 12. Bd2 c5 13. bxc5 bxc5 14. Rab1 Bc6 15. Rfe1 Rb8 16. Rxb8 Qxb8 17. Rb1 Qa8 18. Na4 Rc8 19. Nb2 Bd6 20. Bc3 Rb8 21. Ra1 Qb7 22. Bd1 Qc7 23. h3 Re8 24. Bd2 Qd8 25. a4 Qe7 26. Rb1 h6 27. a5 g5 28. g3 Qe6 29. Nd4 cxd4 30. Qxc6 Ne5 31. Qa6 Qxh3 32. Qxd6 Neg4 33. Bxg4 Nxg4 34. Nd1 Nh2 0-1

[Event "Quebec op"]
[Site "Ste-Agathe CAN"]
[Date "1985.08.17"]
[Round "7"]
[White "Levtchouk, George"]
[Black "Hebert, Jean"]
[Result "1/2-1/2"]
[WhiteElo "2295"]
[BlackElo "2383"]
[PlyCount "117"]
[GameId "2160767912717864"]
[EventDate "1985.08.11"]
[EventType "swiss"]
[EventRounds "8"]
[EventCountry "CAN"]
[SourceTitle "EXT 2022"]
[Source "ChessBase"]
[SourceDate "2021.10.06"]
[SourceVersion "1"]
[SourceVersionDate "2021.10.06"]
[SourceQuality "1"]

1. d4 Nf6 2. c4 e6 3. Nf3 b6 4. Nc3 Bb4 5. Qc2 Bb7 6. a3 Bxc3+ 7. Qxc3 O-O 8. Bg5 h6 9. Bh4 d6 10. e3 Nbd7 11. Be2 c5 12. O-O Qc7 13. Nd2 Rac8 14. dxc5 bxc5 15. Rfd1 Rb8 16. f3 Rbe8 17. Rac1 g5 18. Bf2 Rd8 19. b4 Ne8 20. Nb3 Ng7 21. bxc5 dxc5 22. Bg3 e5 23. Rxd7 Qxd7 24. Nxc5 Qe7 25. Nxb7 Qxb7 26. Bxe5 Ne6 27. Qb4 Qa6 28. Kf2 Rc8 29. c5 Qc6 30. Bd6 Rfd8 31. Rc4 Qd5 32. e4 Qc6 33. Qc3 Nf4 34. Bf1 Ng6 35. Qf6 Re8 36. Rb4 Re6 37. Qd4 Rd8 38. Rc4 a6 39. g3 Ne5 40. Rc3 g4 41. f4 Nf3 42. Rxf3 Rxe4 43. Qf6 Rxd6 44. Qxd6 Qxd6 45. cxd6 gxf3 46. Kxf3 Rd4 47. Bxa6 Rxd6 48. Bb5 Rd2 49. h3 Ra2 50. a4 Ra3+ 51. Kg4 Kg7 52. Bc6 Kf6 53. Bb5 Rc3 54. Bd7 Ke7 55. Bb5 Ke6 56. Be8 Re3 57. Bb5 Ra3 58. Bc6 Kd6 59. Be8 1/2-1/2

[Event "Toronto int."]
[Site "Toronto CAN"]
[Date "1985.07.29"]
[Round "3"]
[White "Benjamin, Joel"]
[Black "Hebert, Jean"]
[Result "1/2-1/2"]
[WhiteElo "2588"]
[BlackElo "2429"]
[PlyCount "121"]
[GameId "2160767912717902"]
[EventDate "1985.07.27"]
[EventType "swiss"]
[EventRounds "9"]
[EventCountry "CAN"]
[SourceTitle "EXT 2022"]
[Source "ChessBase"]
[SourceDate "2021.10.06"]
[SourceVersion "1"]
[SourceVersionDate "2021.10.06"]
[SourceQuality "1"]

1. e4 c5 2. Nf3 e6 3. d4 cxd4 4. Nxd4 Nc6 5. Nc3 a6 6. f4 Qc7 7. Be2 b5 8. Nxc6 Qxc6 9. Bf3 Bb7 10. e5 Qc7 11. Ne4 Rc8 12. c3 f5 13. Nf2 Bc5 14. O-O Ne7 15. Kh1 Bxf3 16. Qxf3 Bxf2 17. Qxf2 Nd5 18. Bd2 O-O 19. Rac1 Qb6 20. Qe2 Rc4 21. b3 Re4 22. Qd3 Qc6 23. c4 bxc4 24. Rxc4 Rxc4 25. Qxc4 Qxc4 26. bxc4 Nb6 27. Rc1 Rc8 28. c5 Nd5 29. Kg1 Rb8 30. Rc2 Kf7 31. Kf2 Rb1 32. Ke2 Ke7 33. c6 Kd8 34. cxd7 Kxd7 35. Kf3 Rb6 36. Ke2 Rc6 37. Rb2 Rb6 38. Rc2 Rb5 39. h3 h5 40. Kf3 a5 41. Kg3 g6 42. Kh4 Ke7 43. a4 Rb3 44. Bxa5 Nxf4 45. Kg5 Nd5 46. Kxg6 Ra3 47. Bd2 Rxa4 48. Bg5+ Kd7 49. Kxh5 Re4 50. Bf6 Re3 51. Kg6 Ke8 52. Rc8+ Kd7 53. Rd8+ Kc7 54. Rg8 Rg3+ 55. Kf7 Rxg8 56. Kxg8 Nf4 57. g4 Nxh3 58. gxf5 exf5 59. e6 Nf4 60. Be5+ Kd8 61. Bxf4 1/2-1/2

[Event "Toronto int."]
[Site "Toronto CAN"]
[Date "1985.07.30"]
[Round "4"]
[White "Hebert, Jean"]
[Black "Spraggett, Kevin"]
[Result "1-0"]
[WhiteElo "2429"]
[BlackElo "2591"]
[PlyCount "81"]
[GameId "2160767912717908"]
[EventDate "1985.07.27"]
[EventType "swiss"]
[EventRounds "9"]
[EventCountry "CAN"]
[SourceTitle "EXT 2022"]
[Source "ChessBase"]
[SourceDate "2021.10.06"]
[SourceVersion "1"]
[SourceVersionDate "2021.10.06"]
[SourceQuality "1"]

1. c4 f5 2. d4 Nf6 3. g3 e6 4. Bg2 Bb4+ 5. Bd2 Qe7 6. Qb3 Bxd2+ 7. Nxd2 O-O 8. Ngf3 d6 9. O-O e5 10. c5+ Kh8 11. cxd6 cxd6 12. dxe5 dxe5 13. e4 Nxe4 14. Nxe4 fxe4 15. Nd2 Nc6 16. Bxe4 Bh3 17. Rfe1 Nd4 18. Qe3 Rad8 19. Rac1 Bf5 20. Bxf5 Rxf5 21. Rc3 Qf7 22. b3 h6 23. f3 Qd5 24. Rec1 Qa5 25. a4 Rdf8 26. Qe4 b5 27. g4 R5f6 28. Qxe5 Qb6 29. Kh1 Re6 30. Qc5 Qxc5 31. Rxc5 Re2 32. Rd1 Rxf3 33. Nxf3 Nxf3 34. Rh5 bxa4 35. bxa4 Rf2 36. Rd7 Ng5 37. Rxa7 Rf4 38. h4 Ne4 39. Kg2 Rxg4+ 40. Kf3 Nf6 41. a5 1-0

[Event "Toronto int."]
[Site "Toronto CAN"]
[Date "1985.08.01"]
[Round "6"]
[White "Hebert, Jean"]
[Black "Norwood, David"]
[Result "1-0"]
[WhiteElo "2429"]
[BlackElo "2445"]
[PlyCount "101"]
[GameId "2160767912717915"]
[EventDate "1985.07.27"]
[EventType "swiss"]
[EventRounds "9"]
[EventCountry "CAN"]
[SourceTitle "EXT 2022"]
[Source "ChessBase"]
[SourceDate "2021.10.06"]
[SourceVersion "1"]
[SourceVersionDate "2021.10.06"]
[SourceQuality "1"]

1. Nf3 g6 2. d4 Bg7 3. c4 Nf6 4. Nc3 c5 5. d5 e6 6. e4 exd5 7. exd5 O-O 8. h3 d6 9. Bd3 Re8+ 10. Be3 Nh5 11. O-O Nd7 12. g4 Bxc3 13. bxc3 Ng7 14. Qd2 h5 15. Bg5 Qc7 16. Rae1 hxg4 17. hxg4 Nf8 18. Bf6 Nh7 19. Bxg7 Rxe1 20. Rxe1 Kxg7 21. Ng5 Nf6 22. f3 b5 23. cxb5 c4 24. Be4 a6 25. Kg2 Bb7 26. Rh1 Rh8 27. Rxh8 Kxh8 28. Qd4 Kg7 29. b6 Qe7 30. Nh3 Qe5 31. Qxe5 dxe5 32. d6 Bxe4 33. fxe4 Nd7 34. b7 f6 35. g5 fxg5 36. Kf3 Kf6 37. Kg4 Ke6 38. Kxg5 Kxd6 39. Kxg6 Kc7 40. Kf5 Kxb7 41. Ng5 Kc6 42. Ke6 a5 43. Nf3 Nc5+ 44. Kxe5 Nd3+ 45. Kd4 Kb5 46. Ne5 Nb2 47. Nxc4 Na4 48. e5 Nc5 49. Nxa5 Ne6+ 50. Kd5 Nf4+ 51. Kd6 1-0

[Event "Toronto int."]
[Site "Toronto CAN"]
[Date "1985.08.03"]
[Round "8"]
[White "Hebert, Jean"]
[Black "Wilder, Michael"]
[Result "1-0"]
[WhiteElo "2429"]
[BlackElo "2520"]
[PlyCount "131"]
[GameId "2160767912717922"]
[EventDate "1985.07.27"]
[EventType "swiss"]
[EventRounds "9"]
[EventCountry "CAN"]

1. Nf3 Nf6 2. c4 g6 3. Nc3 Bg7 4. e4 O-O 5. d4 d6 6. Be2 e5 7. dxe5 dxe5 8. Qxd8 Rxd8 9. Bg5 Nbd7 10. O-O-O Rf8 11. Ne1 Nc5 12. f3 c6 13. Nc2 Ne6 14. Be3 Nh5 15. b4 a5 16. b5 Nhf4 17. Bf1 Rd8 18. Rxd8+ Nxd8 19. Na4 cxb5 20. cxb5 f5 21. Nb6 Rb8 22. a4 Be6 23. Bd2 fxe4 24. fxe4 Nf7 25. Bxa5 Nd6 26. g3 Nh3 27. Bxh3 Bxh3 28. Re1 Bg2 29. Nd5 Nxe4 30. Bc7 Rf8 31. Nce3 Rf2 32. Ng4 Rf7 33. Bxe5 Nc5 34. Nf4 Bf3 35. Bxg7 Bxg4 36. Bh6 Rd7 37. h3 Bf5 38. Re8+ Kf7 39. Rf8+ Ke7 40. Ra8 Nd3+ 41. Nxd3 Bxd3 42. Kb2 Bf1 43. h4 Ke6 44. Rb8 Kd6 45. Rf8 Be2 46. Rf2 Bd1 47. Rf4 Kd5 48. Kc3 Rc7+ 49. Kb4 Re7 50. Ka5 Re6 51. Bg7 Re4 52. Rf7 Rxa4+ 53. Kb6 Be2 54. Rd7+ Ke6 55. Rxb7 Rb4 56. Ka5 Rb3 57. Bf8 Kd5 58. Rd7+ Ke4 59. Bb4 Rb1 60. Rxh7 Kf3 61. Re7 Bd3 62. Re5 Rb3 63. b6 Rb1 64. b7 Ra1+ 65. Kb6 Rb1 66. Rb5 1-0

[Event "Toronto int."]
[Site "Toronto CAN"]
[Date "1985.08.04"]
[Round "9"]
[White "Hebert, Jean"]
[Black "Kortschnoj, Viktor Lvovich"]
[Result "0-1"]
[WhiteElo "2429"]
[BlackElo "2630"]
[PlyCount "76"]
[GameId "2160767912717925"]
[EventDate "1985.07.27"]
[EventType "swiss"]
[EventRounds "9"]
[EventCountry "CAN"]
[SourceTitle "EXT 2022"]
[Source "ChessBase"]
[SourceDate "2021.10.06"]
[SourceVersion "1"]
[SourceVersionDate "2021.10.06"]
[SourceQuality "1"]

1. Nf3 Nf6 2. c4 e6 3. Nc3 Bb4 4. Qc2 O-O 5. a3 Bxc3 6. Qxc3 b6 7. b4 Bb7 8. Bb2 a5 9. e3 Qe7 10. d3 axb4 11. axb4 Na6 12. b5 Nc5 13. Ba3 Ra4 14. Bxc5 Rxa1+ 15. Qxa1 Qxc5 16. Qb2 Ra8 17. Be2 Qa3 18. Qxa3 Rxa3 19. O-O Bxf3 20. gxf3 Ra2 21. Re1 e5 22. Kf1 Kf8 23. Rd1 Ke7 24. d4 exd4 25. Rxd4 Ra1+ 26. Kg2 Re1 27. Bd1 Ne8 28. Bc2 Nd6 29. f4 Rc1 30. Bd3 f5 31. e4 fxe4 32. Bxe4 Rxc4 33. Rxc4 Nxc4 34. Bxh7 Na3 35. Bd3 c5 36. bxc6 dxc6 37. Kf3 b5 38. Ke3 b4 0-1

[Event "Quebec-ch"]
[Site "Montreal CAN"]
[Date "1985.06.17"]
[Round "1"]
[White "Berube, Richard"]
[Black "Hebert, Jean"]
[Result "0-1"]
[WhiteElo "2200"]
[BlackElo "2395"]
[PlyCount "58"]
[GameId "2160767912718052"]
[EventDate "1985.06.17"]
[EventType "tourn"]
[EventRounds "9"]
[EventCountry "CAN"]
[SourceTitle "MCD-ch"]

1. d4 Nf6 2. c4 e6 3. Nf3 b6 4. g3 Ba6 5. b3 Bb4+ 6. Bd2 Be7 7. Bg2 c6 8. Nc3 d5 9. Ne5 Nfd7 10. Nxd7 Nxd7 11. O-O Rc8 12. Re1 dxc4 13. bxc4 Bxc4 14. Qa4 b5 15. Qxa7 O-O 16. Nd1 b4 17. e4 Ra8 18. Qb7 Qc8 19. Qxc8 Rfxc8 20. Nb2 Bxa2 21. Rec1 Nb6 22. Bf1 b3 23. Bc3 Ba3 24. Rd1 Bxb2 25. Bxb2 Na4 26. Rd2 Nxb2 27. Rxb2 Ra4 28. Rd1 Rd8 29. Rbd2 Rb4 0-1

[Event "Quebec-ch"]
[Site "Montreal CAN"]
[Date "1985.06.18"]
[Round "2"]
[White "Hebert, Jean"]
[Black "Alain, Benoit"]
[Result "1-0"]
[WhiteElo "2395"]
[BlackElo "2200"]
[PlyCount "87"]
[GameId "2160767912718059"]
[EventDate "1985.06.17"]
[EventType "tourn"]
[EventRounds "9"]
[EventCountry "CAN"]
[SourceTitle "MCD-ch"]

1. Nf3 Nf6 2. c4 g6 3. Nc3 Bg7 4. e4 d6 5. d4 O-O 6. Be2 e5 7. dxe5 dxe5 8. Qxd8 Rxd8 9. Bg5 Re8 10. Nd5 Nxd5 11. cxd5 c6 12. Bc4 cxd5 13. Bxd5 Nc6 14. O-O-O Be6 15. Bxe6 Rxe6 16. Rd7 Rb8 17. Rhd1 f6 18. Be3 Bf8 19. Nd2 Be7 20. a3 Kf8 21. b4 Ke8 22. Nb3 Rc8 23. Kb2 Nd4 24. Rxb7 f5 25. Bxd4 exd4 26. Nxd4 Bf6 27. Kb3 Rd6 28. e5 Bxe5 29. Re1 Rxd4 30. Rxe5+ Kf8 31. Rxa7 Rd3+ 32. Ka4 Rd2 33. Rxh7 Kg8 34. Ree7 Rxf2 35. Reg7+ Kf8 36. Rxg6 Rc3 37. Rb6 Kg8 38. Ra7 Rc8 39. Rg6+ Kh8 40. h4 f4 41. Rgg7 Rb8 42. b5 f3 43. Rh7+ Kg8 44. gxf3 1-0

[Event "Quebec-ch"]
[Site "Montreal CAN"]
[Date "1985.06.19"]
[Round "3"]
[White "Leveille, Francois"]
[Black "Hebert, Jean"]
[Result "1/2-1/2"]
[WhiteElo "2255"]
[BlackElo "2395"]
[PlyCount "60"]
[GameId "2160767912718064"]
[EventDate "1985.06.17"]
[EventType "tourn"]
[EventRounds "9"]
[EventCountry "CAN"]
[SourceTitle "MCD-ch"]

1. c4 Nf6 2. Nc3 e6 3. Nf3 Bb4 4. Qc2 b6 5. a3 Bxc3 6. Qxc3 O-O 7. g3 Bb7 8. Bg2 c5 9. O-O d5 10. cxd5 Nxd5 11. Qc2 Nc6 12. b3 Re8 13. e3 Rc8 14. Bb2 f6 15. Rfd1 Qd7 16. Rac1 Na5 17. d3 e5 18. Nd2 Kh8 19. Nc4 Nc6 20. Qe2 Rcd8 21. Qh5 g6 22. Qh4 Qf7 23. Nd2 Kg7 24. Qc4 h6 25. Ba1 Na5 26. Qc2 Kh7 27. Qb1 Nc6 28. Ne4 a5 29. Nd2 Bc8 30. Nc4 Qa7 1/2-1/2

[Event "Quebec-ch"]
[Site "Montreal CAN"]
[Date "1985.06.21"]
[Round "4"]
[White "Hebert, Jean"]
[Black "Roy, Alain"]
[Result "1-0"]
[WhiteElo "2395"]
[BlackElo "2200"]
[PlyCount "84"]
[GameId "2160767912718069"]
[EventDate "1985.06.17"]
[EventType "tourn"]
[EventRounds "9"]
[EventCountry "CAN"]
[SourceTitle "MCD-ch"]

1. d4 Nf6 2. c4 g6 3. Nc3 Bg7 4. e4 d6 5. Nf3 O-O 6. Be2 Nbd7 7. O-O e5 8. Re1 c6 9. Bf1 Re8 10. d5 c5 11. Rb1 Rf8 12. g3 Ne8 13. a3 h6 14. Nh4 Kh7 15. b4 b6 16. Bd3 Ndf6 17. bxc5 dxc5 18. f4 exf4 19. Bxf4 Nh5 20. Bd2 Be5 21. Rf1 Bh3 22. Ng2 Nd6 23. Qc1 Qe7 24. Ne2 g5 25. Kh1 Nf6 26. Qc2 Nd7 27. Ng1 Bg4 28. Ne3 Bh5 29. Rbe1 f6 30. Nf5 Nxf5 31. exf5 Qd6 32. a4 Bf7 33. Ne2 Rfe8 34. Nc3 Bxc3 35. Re6 Qc7 36. Bxc3 Kg7 37. Qb2 Qd8 38. Qe2 Rf8 39. Qe4 Rb8 40. Re1 Qc7 41. Kg1 Rbe8 42. Kf2 Kg8 1-0

[Event "Quebec-ch"]
[Site "Montreal CAN"]
[Date "1985.06.22"]
[Round "5"]
[White "Levtchouk, George"]
[Black "Hebert, Jean"]
[Result "1-0"]
[WhiteElo "2200"]
[BlackElo "2395"]
[PlyCount "135"]
[GameId "2160767912718074"]
[EventDate "1985.06.17"]
[EventType "tourn"]
[EventRounds "9"]
[EventCountry "CAN"]
[SourceTitle "MCD-ch"]

1. d4 Nf6 2. c4 e6 3. Nf3 b6 4. Nc3 Bb4 5. Qc2 Bb7 6. a3 Bxc3+ 7. Qxc3 O-O 8. e3 d6 9. Be2 Nbd7 10. O-O Ne4 11. Qc2 f5 12. b4 a5 13. Bb2 Qe7 14. Ne1 Rf6 15. f3 Ng5 16. c5 Nf8 17. c6 Bc8 18. Nd3 Nf7 19. e4 fxe4 20. fxe4 Ng6 21. Qd2 Ba6 22. bxa5 Bxd3 23. Bxd3 Rxa5 24. g3 Qe8 25. Rxf6 gxf6 26. Rf1 Kg7 27. Qf2 Qe7 28. Qf3 d5 29. exd5 Rxd5 30. Re1 Qd6 31. Bc4 Rf5 32. Qd3 Rd5 33. Bxd5 Qxd5 34. Qe4 Qb3 35. Bc1 e5 36. dxe5 Nfxe5 37. Rf1 Qc3 38. a4 Nxc6 39. Be3 Qe5 40. Qxe5 Ncxe5 41. Rc1 c5 42. Rd1 Kf7 43. a5 bxa5 44. Bxc5 h5 45. Ra1 h4 46. Kg2 hxg3 47. Kxg3 Nc6 48. Bb6 Nge5 49. Bxa5 Nxa5 50. Rxa5 Kg6 51. Kf4 Nf7 52. Ra2 Nh6 53. Rg2+ Kf7 54. h4 Ng8 55. h5 Nh6 56. Ra2 Kg7 57. Ra7+ Kg8 58. Ke4 Kf8 59. Kd5 Nf5 60. Rb7 Kg8 61. Ra7 Kf8 62. Ra3 Kg7 63. Rf3 Nh6 64. Ke6 f5 65. Ra3 f4 66. Ra7+ Kg8 67. Kf6 Ng4+ 68. Kg5 1-0

[Event "Quebec-ch"]
[Site "Montreal CAN"]
[Date "1985.06.23"]
[Round "6"]
[White "Hebert, Jean"]
[Black "Moshopoulos, Angelos"]
[Result "1-0"]
[WhiteElo "2395"]
[BlackElo "2200"]
[PlyCount "111"]
[GameId "2160767912718079"]
[EventDate "1985.06.17"]
[EventType "tourn"]
[EventRounds "9"]
[EventCountry "CAN"]
[SourceTitle "MCD-ch"]

1. d4 Nf6 2. c4 e6 3. Nf3 b6 4. Bf4 Bb7 5. e3 Bb4+ 6. Nfd2 O-O 7. a3 Be7 8. Nc3 d5 9. cxd5 Nxd5 10. Nxd5 Bxd5 11. Qc2 c5 12. dxc5 Bxc5 13. Rd1 Qc8 14. Bd3 f5 15. O-O Qb7 16. b4 Be7 17. Bxb8 Raxb8 18. e4 Rbc8 19. Qb1 fxe4 20. Bxe4 Bxe4 21. Nxe4 Rcd8 22. f3 Qa6 23. Qb3 b5 24. g3 Rxd1 25. Rxd1 Qb6+ 26. Kg2 Rd8 27. Rc1 Rd5 28. h4 Kf7 29. Rc3 h6 30. Qc2 Qd4 31. Qc1 Rf5 32. g4 Rd5 33. Rc7 Rd7 34. g5 Rxc7 35. Qf4+ Kg8 36. Qxc7 Qd8 37. Qxa7 hxg5 38. hxg5 Bxg5 39. Qc5 Bf4 40. Qxb5 e5 41. Qc4+ Kh7 42. Qc2 g6 43. Qc6 Qd4 44. Qd7+ Kh6 45. Qxd4 exd4 46. a4 Kg7 47. a5 Kf8 48. b5 Be3 49. Nc5 d3 50. Nxd3 Ke7 51. Ne5 Kd8 52. Kg3 g5 53. Kg4 Kc7 54. Nc4 Bf4 55. a6 Kb8 56. b6 1-0

[Event "Quebec-ch"]
[Site "Montreal CAN"]
[Date "1985.06.25"]
[Round "7"]
[White "Pineault, Denis"]
[Black "Hebert, Jean"]
[Result "0-1"]
[WhiteElo "2240"]
[BlackElo "2395"]
[PlyCount "50"]
[GameId "2160767912718085"]
[EventDate "1985.06.17"]
[EventType "tourn"]
[EventRounds "9"]
[EventCountry "CAN"]
[SourceTitle "MCD-ch"]

1. e4 c5 2. Nf3 Nc6 3. d4 cxd4 4. Nxd4 Nf6 5. Nc3 d6 6. Be2 e5 7. Nb3 Be7 8. O-O O-O 9. Kh1 a5 10. a4 Nb4 11. f4 Bd7 12. Be3 Qc7 13. Rc1 Rfd8 14. Nd2 d5 15. fxe5 Nxe4 16. Ncxe4 dxe4 17. Bc4 Be8 18. Qh5 Nd5 19. e6 f5 20. Qxf5 Nxe3 21. Qf8+ Bxf8 22. e7+ Bf7 23. Rxf7 Nxc4 24. exf8=Q+ Rxf8 25. Rxc7 Nxd2 0-1